|
|
|
|
| LEADER |
00000nam a22000007i 4500 |
| 001 |
IT\ICCU\UBO\2850152 |
| 003 |
ItRI |
| 005 |
20260115231905.0 |
| 008 |
051109s2005 it |||||| ||||| |||||c |
| 020 |
|
|
|a 883178398X
|
| 040 |
|
|
|b ita
|c importazione bologna sebina
|
| 041 |
|
7 |
|a ita
|2 ISO-639-2
|
| 100 |
1 |
|
|a Duffy, Stella
|0 IT\ICCU\REAV\096388
|4 aut
|
| 245 |
1 |
0 |
|a Beneath the blonde /
|c Stella Duffy ; traduzione di Fabio Zucchella.
|
| 260 |
|
|
|a Venezia :
|b Marsilio,
|c 2005
|
| 300 |
|
|
|a 245 p. ;
|c 21 cm.
|
| 830 |
|
0 |
|a Black
|0 IT\ICCU\RAV\0909022
|
| 942 |
|
|
|2 ddc
|c BK
|n 0
|
| 952 |
|
|
|0 0
|1 0
|4 0
|6 L_823_914000000000000_DUF
|7 0
|9 15538
|a BO
|b BO
|d 2026-01-15
|i 9841
|l 0
|o L 823.914 DUF
|p BO9841
|r 2026-01-15 23:19:05
|w 2026-01-15
|x [Sebina 5] [1 v.]
|y BK
|z 1 v.
|
| 999 |
|
|
|c 13371
|d 13371
|